00729 2200277 4500001002100000005001500021035002000036007000300056008004100059020002100100082001100121084001700132100001600149245008400165250001100249260003800260300002900298650001600327504003000343990001300373990001300386990001300399990001300412990001300425990001300438INLIS00000000000785520220223103623 a0010-0222000137ta220223 g 0 ind  a978-602-77-31271 a297.36 a297.36 IMA m0 aImam Samawi1 aMUKJIZAT SILATURRAHIM :bMenyingkap Rahasia Dibalik Silaturrahim /cImam Samawi acet. 1 aYogyakarta :bFatiha Media,c2013 a190 hlm :bilus ;c21 cm 4aSilaturahmi aBibliografi: hlm. 187-188 a022.5722 a022.5721 a022.5723 a022.7478 a022.7479 a022.7480